Facundo; o civilización y barbarie en las pampas argentinas. /

Guardado en:
Autor Principal: Sarmiento, Domingo Faustino
Formato: Libro
Publicado: Buenos Aires : Peuser, 1955
Etiquetas: Agregar Etiqueta
Sin Etiquetas, Sea el primero en etiquetar este registro!
LEADER 00523nam a22001575a 4500
001 CEM.cems005808
005 20060214000000.0
008 130507s1955##################000#0#####d
003 CEMS
082 0 4 |a A868.2 
100 1 |a Sarmiento, Domingo Faustino 
245 1 0 |a Facundo; o civilización y barbarie en las pampas argentinas. / 
260 |a Buenos Aires :  |b Peuser,  |c 1955 
300 |a 312 p.1 
859 |a CEMS  |b BIB. CEMS - 11 de abril  |h A868.2  |i Sa74-5  |p 9174.81  |t Ej.1 
859 |a CEMS  |b BIB. CEMS - 11 de abril  |h A868.2  |i Sa74-5  |p 9175.81  |t Ej.2